| 000 | 01225cam a2200337 i 4500 | ||
|---|---|---|---|
| 001 | 49962 | ||
| 003 | Mx-PuUPA | ||
| 005 | 20241114114742.0 | ||
| 008 | 140415s2004 sp ad fr 000 0 spa d | ||
| 017 | _aB-50.617-2006 | ||
| 020 | _a8481747475 | ||
| 040 |
_aMx-PuUPA _bspa _cMx-PuUPA _dMx-PuUPA _erda |
||
| 041 | 1 |
_aspa _heng |
|
| 240 | 1 |
_aTextbook of pediatrics. _lEspañol |
|
| 245 | 1 | 0 |
_aNelson : _btratado de pediatría / _cRichard E. Behrman, Robert M Kliegman, Hal B. Jenson |
| 250 | _a17a edición | ||
| 264 | 1 |
_aMadrid, España : _bElsevier España, _c©2004 |
|
| 300 |
_alii, 2618 páginas : _bilustraciones, gráficas, tablas ; _c28 cm |
||
| 336 |
_2rdacontent _atexto _btxt |
||
| 336 |
_2rdacontent _aimagen fija _bsti |
||
| 337 |
_2rdamedia _asin medio _bn |
||
| 338 |
_2rdacarrier _avolumen _bnc |
||
| 650 | 7 |
_2armarc _aPediatría |
|
| 700 | 1 |
_aBehrman, Richard E., _eautor |
|
| 700 | 1 |
_aKliegman, Robert M., _eautor |
|
| 700 | 1 |
_aJenson, Hal B., _eautor |
|
| 765 | 0 |
_aBehrman, Richard E., _b17a edición _d[Madrid?] : Elsevier Science, and Elsevier Imprint, ©2004 _tTextbook of pediatrics. _z0721695566 |
|
| 942 |
_2ddc _cLI _h618.92 _iN45 |
||
| 999 |
_c49962 _d49962 |
||